000 00274nam a22000977a 4500
008 240921b |||||||| |||| 00| 0 eng d
020 _a9789386298287
100 _aBHATIA.H.S
_97804
245 _aEnglish Grammar & Composition
260 _aNew Delhi
_bRamesh Publishing House
_c2020
999 _c12684
_d12684